00742nam a2200217Ia 4500008004100000050000800041050001500049100002700064245001900091245002500110245003100135260002200166260000900188300001600197300002000213650004600233650005700279650005700336999001900393952011200412160319s9999 xx 000 0 und d a920 bP766n 1986 aPolicarpio, Alfonso P. aNinoy Aquino:  bthe Willing Martyr / cAlfonso P. Policarpio, Jr. bIsaiah Books Inc. c1986 a220 pages : billustrations : aAquino, Benigno S., -- Jr., -- 1932-1983. aPhilippines -- Politics and government -- 1946-1973. aPhilippines -- Politics and government -- 1973-1986. c292233d292233 001040aSSISBbSSISBcFILd2016-03-19l0oFil 920 P766n 1986pUS 0909r2016-03-19 00:00:00w2016-03-19yBK